| 000 | 00840nam a2200217 a 4500 | ||
|---|---|---|---|
| 001 | 000023527 | ||
| 005 | 20240402131926.0 | ||
| 008 | 101210s1977 sp a r 000 0 spa d | ||
| 020 | _a8437501245 | ||
| 040 |
_aDO-SdBNP _bspa _cBNPHU |
||
| 082 |
_axxxxxx _bV132d |
||
| 100 |
_aVaitsos, Constantine V _948494 |
||
| 245 | 1 | 0 |
_aDistribución del ingreso y empresas transnacionales / _cConstantine V. Vaitsos ; traducción Alejandro Nadal , Sofía Méndez Villareal. |
| 260 |
_aMadrid : _bFondo de Cultura Económica, _c1977. |
||
| 300 |
_a198 p. : _bil. ; _c21 cm. |
||
| 504 | _aIncluye referencias bibliográficas y notas al pie de las páginas. | ||
| 534 | _aIntercountry income distribution and transnational enterprises. | ||
| 700 | 1 |
_aNadal, Alejandro, _etr. _948495 |
|
| 700 | 1 |
_aMéndez Villareal, Sofía, _etr. _948496 |
|
| 049 | _aBNGR | ||
| 999 |
_c23023 _d23023 |
||